00418cam a2200169ua 45000010005000000080039000050200015000440400009000590410008000680820008000761000032000842450052001162500013001682600032001813000014002136530021002277115141126n ii |||gr||||Z||||||eng a8187879246 cMAIN aeng a155 aMontessori, Maria,eAuthor.1 aThe discovery of the childcBy Maria Montessori a1st rev. aDelhi:bAakar books,c2010. axiv,372p. aChild psychology